Reformas incorporadas a la ley general de sociedades (Registro nro. 12224)

Detalles MARC
000 -LEADER
fixed length control field 00319 a2200109 4500
001 - CONTROL NUMBER
control field ART_41123
005 - DATE AND TIME OF LATEST TRANSACTION
control field 20260410161628.0
008 - FIXED-LENGTH DATA ELEMENTS--GENERAL INFORMATION
fixed length control field 260409a
100 1# - MAIN ENTRY--PERSONAL NAME
Personal name Barreiro, Rafael F.
245 10 - TITLE STATEMENT
Title Reformas incorporadas a la ley general de sociedades
773 0# - HOST ITEM ENTRY
Title Enfoques
Related parts - Nº 12 (dic. 2016)
Record control number REV416

No hay ítems disponibles.